[Event "DOM-ch"]
[Site "Santo Domingo"]
[Date "2018.04.28"]
[Round "7"]
[White "Araujo Sanchez, Josue"]
[Black "Heredia Severino, George Matias"]
[Result "1-0"]
[WhiteElo "2123"]
[BlackElo "1955"]
[PlyCount "81"]
[EventDate "2018.04.20"]
[EventType "swiss"]
[EventRounds "11"]
[EventCountry "DOM"]
[SourceTitle "CBM 184 Extra"]
[Source "ChessBase"]
[SourceDate "2018.06.28"]
[SourceVersion "1"]
[SourceVersionDate "2018.06.28"]
[SourceQuality "1"]

1. e4 c5 2. Nf3 d6 3. d3 Nf6 4. g3 Nc6 5. Bg2 e5 6. Bg5 Be7 7. 0-0 0-0 8. Nc3 Be6 9. Nd2 h6 10. Bxf6 Bxf6 11. Nc4 Nd4 12. a4 Rb8 13. Ne3 Nc6 14. Ncd5 Bxd5 15. exd5 Ne7 16. Qh5 Kh7 17. h4 Ng8 18. Qe2 Be7 19. h5 Bg5 20. Nc4 b6 21. c3 f5 22. f4 exf4 23. gxf4 Be7 24. Bh3 Bh4 25. Qe6 Rf6 26. Bxf5+ Kh8 27. Qd7 Qf8 28. Be4 Rxf4 29. Nxd6 Bf2+ 30. Rxf2 Rxf2 31. Bf5 Nf6 32. Qe6 Rxf5 33. Nf7+ Kh7 34. Qxf5+ Kg8 35. Ne5 Re8 36. Ng6 Qd6 37. Rf1 Qxd5 38. Qxd5+ Nxd5 39. a5 Nf6 40. axb6 axb6 41. Rf5 1-0

[Event "DOM-ch"]
[Site "Santo Domingo"]
[Date "2018.04.28"]
[Round "6"]
[White "Heredia Severino, George Matias"]
[Black "Alvarado Sepulveda, Nelson D"]
[Result "0-1"]
[WhiteElo "1955"]
[BlackElo "2198"]
[PlyCount "44"]
[EventDate "2018.04.20"]
[EventType "swiss"]
[EventRounds "11"]
[EventCountry "DOM"]
[SourceTitle "CBM 184 Extra"]
[Source "ChessBase"]
[SourceDate "2018.06.28"]
[SourceVersion "1"]
[SourceVersionDate "2018.06.28"]
[SourceQuality "1"]

1. d4 d5 2. c4 c6 3. Nc3 Nf6 4. cxd5 cxd5 5. Bf4 Nc6 6. e3 e6 7. Bd3 Bd6 8. Bxd6 Qxd6 9. Nf3 0-0 10. 0-0 e5 11. Nb5 Qe7 12. Nxe5 Nxe5 13. dxe5 Qxe5 14. Nd4 Ng4 15. g3 g6 16. Be2 Nf6 17. Bf3 Bh3 18. Re1 h5 19. Bg2 Bxg2 20. Kxg2 h4 21. Nf3 Qe4 22. Qd4 h3+ 0-1

[Event "DOM-chT"]
[Site "Santiago de los Caballeros"]
[Date "2017.08.19"]
[Round "4.2"]
[White "Jorge, Alberto"]
[Black "Heredia Severino, George Matias"]
[Result "1/2-1/2"]
[WhiteElo "2020"]
[BlackElo "1690"]
[PlyCount "100"]
[EventDate "2017.08.17"]
[EventType "team-swiss"]
[EventRounds "6"]
[EventCountry "DOM"]
[SourceTitle "EXT 2019"]
[Source "ChessBase"]
[SourceDate "2018.10.10"]
[SourceVersion "1"]
[SourceVersionDate "2018.10.10"]
[SourceQuality "1"]
[WhiteTeam "Hermanos Vargas"]
[BlackTeam "Monte Plata"]
[WhiteTeamCountry "DOM"]
[BlackTeamCountry "DOM"]

1. d4 Nf6 2. c4 e6 3. Nf3 b6 4. Nc3 Bb7 5. Qc2 d5 6. e3 Be7 7. cxd5 exd5 8. Bd3 0-0 9. 0-0 Nbd7 10. Bd2 c5 11. dxc5 Nxc5 12. Be2 Nce4 13. Rfd1 Qc7 14. Rac1 Rac8 15. Bd3 Nxd2 16. Qxd2 Qb8 17. Bf5 Rcd8 18. Qe2 Ne4 19. a3 Nxc3 20. Rxc3 g6 21. Bb1 Bf6 22. Nd4 Rc8 23. Rc2 Rxc2 24. Bxc2 Qc8 25. Bb3 Qc5 26. Qd2 Rc8 27. h3 a6 28. Qe2 b5 29. Rd2 Qe7 30. Qd1 Qe4 31. Bc2 Qe7 32. Bb3 Qe4 33. Bc2 Qe7 34. Bd3 b4 35. a4 a5 36. Rc2 Rxc2 37. Qxc2 Qd6 38. b3 Qb6 39. Nb5 Qc6 40. Qxc6 Bxc6 41. Nd4 Bxd4 42. exd4 h6 43. Kf1 Kg7 44. Ke2 f5 45. h4 Kf6 46. Ke3 Bd7 47. Kf4 Be6 48. Bb5 Bf7 49. f3 Bg8 50. g3 Be6 1/2-1/2